000 00515cam a22001931 4500
001 af 47005840
003 DLC
005 20260227110834.0
008 880523s1943 gw 000 0 ger
010 _aaf 47005840
035 _a(OCoLC)21932080
040 _aDLC
_cPU
_dDLC
042 _apremarc
050 0 0 _aPT2635.E454
_bD5
100 1 _aReifenrath, Joachim Wolfgang,
_d1917-
245 1 0 _aDienen;
_bgedichte.
260 _aWolfenbüttel
_aund Berlin,
_bG. Kallmeyer,
_c1943.
300 _a2 p.l., 9-60 p.
_c22 cm.
999 _c3301
_d3301